Final Fantasy Main Series Protagonists and Antagonists (So Far) - Statistics

General Stats
  • This quiz has been taken 1,004 times
  • The average score is 15 of 35
Answer Stats
Game Protagonist Antagonist % Correct
Sephiroth
89%
Final Fantasy X Tidus
85%
Final Fantasy VII (First + Last) Cloud Strife
84%
Final Fantasy XIII Lightning
76%
Final Fantasy IX Zidane
75%
Final Fantasy VI Terra
71%
Kefka
68%
Final Fantasy VIII (First + Last) Squall Leonheart
68%
Final Fantasy IV Cecil
67%
Jecht
61%
Final Fantasy V Bartz
59%
Final Fantasy XII Vaan
57%
Kuja
56%
Ultimecia
55%
Sin
54%
Seymour
48%
Exdeath
46%
Golbez
46%
Garland
43%
Final Fantasy II Firion
41%
The Emperor
39%
Cloud of Darkness
37%
Final Fantasy III DS Luneth
27%
Zeromus
26%
Gabranth/Vayne
23%
Final Fantasy III DS Arc
21%
Orphan
21%
Final Fantasy III DS Refia
20%
Final Fantasy III DS Ingus
16%
Final Fantasy The Warriors of Light
12%
Final Fantasy XI - Chains of _________ Promathia
5%
Final Fantasy XI Shadow Lord
5%
Final Fantasy XI - Rise of the Zilart Eald'narche
3%
Final Fantasy XI - Wings of the Goddess Lady Lilith
2%
Nael van Darnus
1%
No matching quizzes found
Score Distribution
Percent of People with Each Score
Percentile by Number Answered
Your Score History
You have not taken this quiz